| 000 | 01727nam a2200241Ia 4500 | ||
|---|---|---|---|
| 008 | 260220t1969||||xx |||||||||||||| ||spa|| | ||
| 040 |
_aPY-SlUNAC _bspa _erda |
||
| 041 | _aspa | ||
| 082 |
_a512.943 _bAy74t |
||
| 100 |
_aAyres, Frank _eAutor |
||
| 245 | 0 |
_aTeoría y problemas de matrices : _b340 problemas resueltos / _cpor Frank Ayres [Autor] |
|
| 264 |
_aCiudad de México : _bMcGraw-Hill, _c℗1969. |
||
| 300 | _a1 volumen | ||
| 520 | _aEl libro "Teoría y problemas de matrices" de Frank Ayres es una obra didáctica que aborda de manera exhaustiva los conceptos fundamentales y aplicaciones de las matrices en matemáticas. A través de una estructura clara y didáctica, el autor presenta 340 problemas resueltos que permiten a los estudiantes entender y aplicar los principios de la teoría de matrices. Los temas incluyen operaciones básicas, determinantes, matrices inversas, sistemas de ecuaciones lineales y aplicaciones en diversas disciplinas como la ingeniería y la economía. Cada problema se acompaña de una solución detallada, lo que facilita la autoevaluación y el aprendizaje autónomo. La obra está diseñada para ser un recurso útil tanto para estudiantes de nivel universitario como para profesionales que busquen profundizar en el tema. En conjunto, el texto de Ayres no solo proporciona una base sólida en matrices, sino que también fomenta el desarrollo de habilidades críticas en la resolución de problemas matemáticos. | ||
| 653 | _aMatemáticas | ||
| 653 | _aMatrices | ||
| 653 | _aProblemas matemáticos | ||
| 942 |
_b2026/02/17 _cBK |
||
| 999 |
_c7497 _d7497 |
||